000 00406nam a22001697a 4500
003 OSt
005 20260312143633.0
008 260312b |||||||| |||| 00| 0 eng d
040 _cFLL
041 _aENG
_dENG
100 _aSRIVASTAVA, S.C
245 _aINDUSTRIAL RELATIONS AND LABOUR LAW
250 _a9th
260 _aNOIDA
_bVIKAS PUBLICATION HOUSE
_c2026
300 _a797
942 _2CC
_cTB
_n0
999 _c1715250
_d1715250